Zombs Royale (Season 9) - Statistics

General Stats
  • This quiz has been taken 75 times
  • The average score is 3 of 6
Answer Stats
Question Answer % Correct
What's the theme of Season 9? Mythical Forest
77%
What website brings you to Zombs Royale zombsroyale.io
77%
What place was at the place where Radical Reef is right now? Bomber Base
63%
What gun reloads the fastest? Tactical Shotgun
51%
Which game is the best Zombs Royale
39%
How many weapons are in Zombs Royale (Without Melee)? 39
19%
No matching quizzes found
Score Distribution
Percent of People with Each Score
Percentile by Number Answered
Your Score History
You have not taken this quiz